Normal view MARC view

Entry Topical Term

Number of records used in: 1

001 - CONTROL NUMBER

  • control field: 25794

003 - CONTROL NUMBER IDENTIFIER

  • control field: OSt

005 - DATE AND TIME OF LATEST TRANSACTION

  • control field: 20210727145207.0

008 - FIXED-LENGTH DATA ELEMENTS

  • fixed length control field: 210727|| aca||aabn | a|a d

040 ## - CATALOGING SOURCE

  • Original cataloging agency: OSt
  • Transcribing agency: OSt

150 ## - HEADING--TOPICAL TERM

  • Topical term or geographic name entry element: Racial equity, Federalism, Urban studies, COVID-19, Public health

670 ## - SOURCE DATA FOUND

  • Source citation: Work cat.: (OSt): Grigsby, Sheila, et al 25793, Resistance to racial equity in U.S. federalism and its impact on fragmented regions

Powered by Koha